000 00557nam a2200181 i 4500
001 38889
003 ES-MaACL
005 20250924063025.0
007 t|
008 030226s1946 sp ||||1| spa d
100 1 _aCampos, Jorge,
_d1916-1983
_934244
245 1 0 _aHistoria universal de la literatura /
_cJorge Campos.
260 _aMadrid :
_bPegaso,
_c[1946] (
_fHijos de E. Minuesa)
300 _aXV, 591 p. ;
_c24 cm.
650 _aLiteratura-
_xHistoria y crítica.
_914489
852 _aES-MaACL
_jB-10742
_bR.22422
999 _c38889
_d38889